| 000 | 00476nam a2200181Ia 4500 | ||
|---|---|---|---|
| 005 | 20250508162436.0 | ||
| 008 | 008 250505s9999 xx 000 0 eng d | ||
| 020 | _a81-7483-008-1 | ||
| 037 | _aTextual | ||
| 040 |
_aFEDL _beng _cFEDL |
||
| 041 |
_aeng _2eng |
||
| 084 |
_a891.21, BHA _qFEDL |
||
| 245 | 0 | _aBhatti-kavyam | |
| 260 |
_aDelhi, India _bMotilal Banarsidass _c1982 |
||
| 300 | _a355p. | ||
| 942 |
_cTEXL _h891.21, BHA |
||
| 999 |
_c1376564 _d1376564 |
||